000 00653nam a2200253Ia 4500
003 OSt
005 20221007104031.0
006 a|||||r|||| 00| 0
007 ta
008 221006b |||||||| |||| 00| 0 eng d
024 _a14,707
037 _cTextual
040 _aLCO
_cLCO
_beng
041 _2eng
_aeng
082 _aZ2,9298, L7
100 _aDavis K.C.
_9239720
245 0 _aAdministrative Law
250 _a6th
260 _aChicago
_bWest Publishing Company America
_c1977
300 _aX+XL+683
650 _aADMINISTRATIVE LAW
_9681514
942 _hZ2,9298, L7
_cTEXL
999 _c1184270
_d1184270